000 00968nam a2200325Ia 4500
003 OSt
005 20220912144015.0
006 a|||||r|||| 00| 0
007 ta
008 220909b |||||||| |||| 00| 0 eng d
020 _a9781466586581 (hbk)
024 _a199541
037 _b13830, 12/03/2018, Intercontinental Book Agency
037 _cTextbook
040 _beng
041 _aeng
082 _aE:218:(C5:3), N9;Q7 TE
100 _aMchale Jeanne L
245 0 _aMolecular spectroscopy
250 _a2
260 _aBoca Raton
_bCRC Press
_c2017
300 _axvii, 457p. ill.
_ccm
500 _aAppendix A-C 415-444p.; Index 445-457p.
650 _a Atomic Spectroscopy
650 _a Electronic spectroscopy
650 _a Time-resolved spectroscopy
650 _aChemistry
942 _hE:218:(C5:3), N9;Q7 TE
_cTB
_2CC
999 _c713
_d713